000 00928nam a2200277Ia 4500
003 OSt
005 20221007123658.0
006 a|||||r|||| 00| 0
007 ta
008 221006b |||||||| |||| 00| 0 eng d
020 _a9812700757 (hbd)
_c1481.72
024 _a77639
037 _b1894, 29/03/2007, Unilib Book Distributors
_cTextbook
040 _aPAPL
_cPAPL
_beng
041 _2eng
_aeng
082 _aCN, P6 Carpa
100 _aCarmeli Moshe
_9713528
245 0 _aCosmological relativity:the special and general theories of the universe
260 _aNew
_bJersey World Scientifc
_c2006
300 _axi,138p.
_ccm.
500 _aIncludes bibliographical references; Appendix A-B 123-128p; Index 129-138p
650 _a Cosmology
650 _aPhysics
942 _hCN, P6 Carpa
_cTB
_2CC
999 _c1212309
_d1212309